Toluene, the xylenes, and their industrial derivatives /
Guardado en:
| Otros Autores: | |
|---|---|
| Formato: | Libro |
| Idioma: | English |
| Publicado: |
Amsterdam :
Elsevier,
1982.
|
| Series: | Chemical engineering monographs ;
v. 15 |
| Materias: | |
| Etiquetas: |
Agregar Etiqueta
Sin Etiquetas, Sea el primero en etiquetar este registro!
|
| LEADER | 00864cam a22002415a 4500 | ||
|---|---|---|---|
| 001 | EIQ.libpla002271 | ||
| 008 | 820107s1982####ne#a#####b####001#0#eng#d | ||
| 005 | 20070518150207.0 | ||
| 245 | 0 | 0 | |a Toluene, the xylenes, and their industrial derivatives / |c edited by E.G. Hancock. |
| 260 | |a Amsterdam : |b Elsevier, |c 1982. | ||
| 300 | |a XXII, 551 p. : |b il. ; |c 25 cm. | ||
| 440 | 0 | |a Chemical engineering monographs ; |v v. 15 | |
| 504 | |a Incluye referencias bibliográficas e índice. | ||
| 020 | |a 0444420584 (U.S.) | ||
| 700 | 1 | |a Hancock, E. G., |e ed. |4 edt | |
| 082 | 0 | 0 | |a 661/.816 |2 19 |
| 650 | 4 | |a Compuestos aromáticos |x Tolueno. | |
| 650 | 4 | |a Compuestos aromáticos |x Xileno. | |
| 650 | 4 | |a Aromatic compounds |x Toluene. | |
| 650 | 4 | |a Aromatic compounds |x Xylene. | |
| 010 | |a 81022117 | ||
| 040 | |a DLC |c DLC |d AR-BbSID | ||
| 859 | |a AR-BbSID |b BIB. PLAPIQUI |h 661.816 |i T 644 |p 2662 | ||
